=LDR 00000nam 2200000 4500 =001 INLIS000000000025199 =005 20130612123727 =008 ***********************************ind** =035 ##$$0010-061300000025199 =041 ##$$a ind =082 ##$$a 811 =090 ##$$a 811, AIS m =100 ##$$a AIS =245 ##$$a Merah putih cintaku, AIS =260 ##$$a 2006 $b NTB =300 ##$$a ix, 94 hlm., 21 cm =650 ##$$a Sastra =650 ##$$a Puisi =850 ##$$a NBPNMAT =990 ##$$a 88178817 =990 ##$$a 01201708817